Una introducción al uso de portafolios en el aula
Salvato in:
| Autori principali: | , |
|---|---|
| Natura: | Libro |
| Lingua: | spagnolo |
| Pubblicazione: |
Ciudad de México
Fondo de Cultura Económica
1999
|
| Soggetti: | |
| Tags: |
Aggiungi Tag
Nessun Tag, puoi essere il primo ad aggiungerne!!
|
MARC
| LEADER | 00000nam a2200000 a 4500 | ||
|---|---|---|---|
| 001 | UCM4833 | ||
| 003 | CL-VaPUC | ||
| 008 | 020906e19990000MX |||||||||||||||||spa|d | ||
| 082 | 0 | 4 | |a 371.33 |b DAN |2 21 |
| 100 | 0 | |a Danielson, Charlotte |e author |9 471248 | |
| 700 | 0 | |a Abrutyn, Leslye |e author |9 471249 | |
| 245 | 1 | 4 | |a Una introducción al uso de portafolios en el aula |
| 300 | |a 112 p | ||
| 942 | |c BK | ||
| 945 | |d 20020906 00:00:00 |a cmena | ||
| 260 | |a Ciudad de México |b Fondo de Cultura Económica |c 1999 | ||
| 650 | 0 | |a Métodos de enseñanza |9 270413 | |
| 650 | 7 | |a MATERIAL Y EQUIPO DIDACTICOS |2 CL-VaPUC |9 309109 | |
| 650 | 7 | |a PORTAFOLIOS |2 CL-VaPUC |9 471250 | |
| 650 | 0 | |a Metacognición |9 423942 | |
| 650 | 0 | |a Métodos de aprendizaje |9 334464 | |
| 650 | 0 | |a Innovaciones pedagógicas |9 307471 | |
| 583 | |a last modification |c 20020906 00:00:00 |k Rodrigo Vera | ||
| 999 | |c 301296 |d 301294 | ||
| 952 | |0 0 |1 0 |4 0 |6 371_330000000000000_DAN_1999 |7 0 |8 A |9 360125 |a BIBEDU |b BIBEDU |d 2019-11-21 |i 3833003 |o 371.33 DAN 1999 |p 3833003 |r 2019-11-21 |w 2019-11-21 |y BK |k EDU | ||
| 952 | |0 0 |1 0 |4 0 |6 371_330000000000000_DAN_1999 |7 0 |8 A |9 360126 |a BIBEDU |b BIBEDU |d 2019-11-21 |i 386586K |o 371.33 DAN 1999 |p 386586K |r 2019-11-21 |w 2019-11-21 |y BK |k LIT | ||